[Event "Oberliga Nord O 2223"]
[Site "Germany"]
[Date "2022.12.11"]
[Round "3.8"]
[White "Puhlmann, Rainer"]
[Black "Abraham, Ingo"]
[Result "1/2-1/2"]
[WhiteElo "2090"]
[BlackElo "2204"]
[PlyCount "43"]
[EventDate "2022.10.23"]
[EventType "team-tourn"]
[EventRounds "9"]
[EventCountry "GER"]
[SourceTitle "EXT 2025"]
[Source "ChessBase"]
[SourceDate "2024.10.14"]
[SourceVersion "1"]
[SourceVersionDate "2024.10.14"]
[SourceQuality "1"]
[WhiteTeam "Potsdam Empor"]
[BlackTeam "Berlin Weisse Dame"]
[WhiteTeamCountry "GER"]
[BlackTeamCountry "GER"]

1. Nf3 Nf6 2. c4 g6 3. Nc3 Bg7 4. g3 0-0 5. Bg2 d6 6. 0-0 e5 7. d3 Nc6 8. Rb1 a5 9. a3 Nd4 10. Ne1 c6 11. b4 axb4 12. axb4 d5 13. cxd5 Nxd5 14. Nxd5 cxd5 15. Nf3 Nb5 16. Bb2 f6 17. Ra1 Rxa1 18. Qxa1 Bd7 19. Nd2 Bc6 20. Qa2 Kh8 21. Qb3 Qd6 22. Nb1 1/2-1/2

[Event "DSOL 01 Liga Gr-A 1st"]
[Site "Playchess.com INT"]
[Date "2020.06.24"]
[Round "1.3"]
[White "Abraham, Ingo"]
[Black "Nagel, Bernhard"]
[Result "1/2-1/2"]
[WhiteElo "2148"]
[BlackElo "2146"]
[PlyCount "210"]
[EventDate "2020.06.22"]
[EventType "team-tourn (rapid)"]
[EventCountry "GER"]
[SourceTitle "EXT 2021"]
[Source "ChessBase"]
[SourceDate "2020.10.23"]
[SourceVersion "1"]
[SourceVersionDate "2020.10.23"]
[SourceQuality "1"]
[WhiteTeam "Weisse Dame"]
[BlackTeam "Koeln Lasker"]
[WhiteTeamCountry "GER"]
[BlackTeamCountry "GER"]

1. d4 Nf6 2. c4 e6 3. Nc3 Bb4 4. e3 0-0 5. Bd3 d5 6. Nf3 b6 7. 0-0 Bb7 8. a3 Bxc3 9. bxc3 dxc4 10. Bxc4 Nbd7 11. Qe2 c5 12. Bb2 Qc7 13. Rac1 Rac8 14. Rfd1 Rfd8 15. h3 h6 16. Bd3 c4 17. Bb1 Be4 18. Nd2 Bxb1 19. Rxb1 b5 20. e4 e5 21. Nf3 Re8 22. Bc1 exd4 23. Rxd4 a6 24. a4 Nc5 25. axb5 axb5 26. Rxb5 Nb3 27. Rd1 Nxc1 28. Rxc1 Nxe4 29. Qc2 Nc5 30. Re1 Nd3 31. Rxe8+ Rxe8 32. Rb1 Qc6 33. Qd2 Qe4 34. Ra1 Re6 35. Qe3 Qxe3 36. fxe3 Rxe3 37. Ra8+ Kh7 38. Nd2 Ne5 39. Ra3 Rd3 40. Nf1 Ng6 41. Kf2 Ne5 42. Ke2 f6 43. Ne3 Rd7 44. Ra4 Rc7 45. g4 Kg6 46. Kf2 h5 47. Kg3 hxg4 48. hxg4 Kg5 49. Rb4 g6 50. Ra4 Rd7 51. Nxc4 Rd3+ 52. Kg2 Nxg4 53. Ra3 Kf4 54. Nb6 Rd2+ 55. Kg1 Ne3 56. c4 Rc2 57. Nd7 f5 58. c5 g5 59. Nf8 Kf3 60. Ne6 Rc1+ 61. Kh2 g4 62. Nd4+ Ke4 63. Ra4 Kd5 64. Nxf5 Nxf5 65. Rxg4 Rxc5 66. Ra4 Rc3 67. Kg2 Nd4 68. Ra8 Ke4 69. Re8+ Kf4 70. Rf8+ Nf5 71. Kf2 Rc2+ 72. Ke1 Ke3 73. Re8+ Kf3 74. Rf8 Ke4 75. Re8+ Kd3 76. Rf8 Nd4 77. Rf7 Re2+ 78. Kf1 Re5 79. Kf2 Ke4 80. Rf8 Nf5 81. Ke2 Rd5 82. Re8+ Kf4 83. Rf8 Rd7 84. Re8 Ng3+ 85. Kf2 Rd2+ 86. Ke1 Rb2 87. Kd1 Ne4 88. Kc1 Re2 89. Rf8+ Ke3 90. Re8 Ra2 91. Kd1 Ra4 92. Kc2 Rc4+ 93. Kb3 Rc7 94. Kb4 Kd4 95. Rd8+ Ke5 96. Re8+ Kd5 97. Rd8+ Nd6 98. Rh8 Rc4+ 99. Kb3 Rf4 100. Rh5+ Nf5 101. Kc3 Rf3+ 102. Kb4 Rf1 103. Rh8 Rb1+ 104. Kc3 Rc1+ 105. Kd3 Ra1 1/2-1/2

[Event "Oberliga Nord O 1920"]
[Site "Germany"]
[Date "2020.03.01"]
[Round "7.5"]
[White "Van der Veen, Terry"]
[Black "Abraham, Ingo"]
[Result "0-1"]
[WhiteElo "2081"]
[BlackElo "2219"]
[PlyCount "81"]
[EventDate "2019.09.29"]
[EventType "team-tourn"]
[EventRounds "9"]
[EventCountry "GER"]
[SourceTitle "CBM 195 Extra"]
[Source "ChessBase"]
[SourceDate "2020.05.31"]
[SourceVersion "1"]
[SourceVersionDate "2020.05.31"]
[SourceQuality "1"]

1. Nf3 Nf6 2. g3 d5 3. Bg2 c6 4. 0-0 Bg4 5. c4 e6 6. b3 Be7 7. Bb2 0-0 8. d3 Nbd7 9. Nbd2 Qa5 10. a3 dxc4 11. Nxc4 Qh5 12. h4 Rad8 13. Re1 Qb5 14. Nd4 Qa6 15. f3 e5 16. fxg4 exd4 17. g5 Ng4 18. e4 Nde5 19. Bh3 Nxc4 20. bxc4 Ne3 21. Qe2 c5 22. Bc1 Bd6 23. Bxe3 dxe3 24. Kg2 Be5 25. Rad1 Bd4 26. Rf1 Qxa3 27. h5 Rd6 28. Rb1 Qa6 29. Qf3 Qc6 30. e5 Bxe5 31. Rxb7 e2 32. Re1 Qxf3+ 33. Kxf3 Rxd3+ 34. Kxe2 Rxg3 35. Rh1 Rxg5 36. Rxa7 Rxh5 37. Kf3 Bd4 38. Kg4 Rh6 39. Rf1 Rg6+ 40. Kh5 Rh6+ 41. Kg4 0-1

[Event "Oberliga Nord O 1920"]
[Site "Germany"]
[Date "2019.12.08"]
[Round "4.5"]
[White "Abraham, Ingo"]
[Black "Lange, Jannis"]
[Result "1-0"]
[WhiteElo "2210"]
[BlackElo "2054"]
[PlyCount "73"]
[EventDate "2019.09.29"]
[EventType "team-tourn"]
[EventRounds "9"]
[EventCountry "GER"]
[SourceTitle "CBM 195 Extra"]
[Source "ChessBase"]
[SourceDate "2020.05.31"]
[SourceVersion "1"]
[SourceVersionDate "2020.05.31"]
[SourceQuality "1"]

1. c4 Nf6 2. Nf3 g6 3. Nc3 d5 4. cxd5 Nxd5 5. Qb3 Nb6 6. d4 Bg7 7. Bf4 Be6 8. Qc2 Nc6 9. e3 Nb4 10. Qd1 0-0 11. Be2 c5 12. 0-0 cxd4 13. Nxd4 Bd5 14. Nxd5 N4xd5 15. Bg5 Qd6 16. Qb3 a5 17. a3 a4 18. Qa2 Ra5 19. Rfd1 Qe5 20. Bh4 h5 21. Rac1 Bh6 22. Bg3 Qf6 23. Nf3 g5 24. Be5 Qe6 25. Bd4 g4 26. Nd2 Nf4 27. Qxe6 Nxe2+ 28. Kf1 fxe6 29. Kxe2 Nd5 30. Ne4 e5 31. Bc5 Rd8 32. Bxe7 Re8 33. Rxd5 Rxd5 34. Nf6+ Kf7 35. Nxd5 Rxe7 36. Nxe7 Kxe7 37. Rc7+ 1-0

[Event "Oberliga Nord O 1920"]
[Site "Germany"]
[Date "2019.10.20"]
[Round "2.4"]
[White "Urban, Hans Rainer"]
[Black "Abraham, Ingo"]
[Result "0-1"]
[WhiteElo "2030"]
[BlackElo "2203"]
[PlyCount "102"]
[EventDate "2019.09.29"]
[EventType "team-tourn"]
[EventRounds "9"]
[EventCountry "GER"]
[SourceTitle "CBM 195 Extra"]
[Source "ChessBase"]
[SourceDate "2020.05.31"]
[SourceVersion "1"]
[SourceVersionDate "2020.05.31"]
[SourceQuality "1"]

1. e4 c5 2. Nf3 e6 3. b3 d6 4. Bb2 Nf6 5. Bb5+ Nbd7 6. Qe2 Be7 7. Nc3 0-0 8. 0-0-0 a6 9. Bxd7 Nxd7 10. h4 b5 11. g4 b4 12. Na4 e5 13. c4 bxc3 14. dxc3 c4 15. Qxc4 Nb6 16. Nxb6 Qxb6 17. Qd3 Qxf2 18. Rdg1 a5 19. Rh2 Qb6 20. c4 a4 21. Rc2 axb3 22. axb3 Bb7 23. Re1 Qc5 24. Qe3 Qb4 25. g5 Rfb8 26. Qc3 Bc8 27. Qxb4 Rxb4 28. Nd2 f6 29. Rg1 Kf7 30. Rc3 f5 31. Rf3 f4 32. h5 Ke6 33. Rd3 Bb7 34. g6 h6 35. Re1 Bc6 36. Kc2 Bh4 37. Rd1 Bf2 38. Kc3 Rbb8 39. Nf3 Bc5 40. Nd2 Ra7 41. Re1 Ra2 42. Kc2 Ba3 43. Rb1 Bb4 44. Re1 Rba8 45. Rc3 Bxc3 46. Kxc3 f3 47. Nxf3 Rf8 48. Nh4 Rf4 49. Nf5 Rf3+ 50. Kc2 Bxe4+ 51. Rxe4 Rf2+ 0-1

[Event "Oberliga Nord O 1819"]
[Site "Germany"]
[Date "2019.02.03"]
[Round "6.4"]
[White "Luther, Alexander"]
[Black "Abraham, Ingo"]
[Result "1/2-1/2"]
[WhiteElo "2017"]
[BlackElo "2216"]
[PlyCount "92"]
[EventDate "2018.10.21"]
[EventType "team-tourn"]
[EventRounds "9"]
[EventCountry "GER"]
[SourceTitle "EXT 2020"]
[Source "ChessBase"]
[SourceDate "2019.10.17"]
[SourceVersion "1"]
[SourceVersionDate "2019.10.17"]
[SourceQuality "1"]
[WhiteTeam "Guestrow/Teterow"]
[BlackTeam "Berlin Weisse Dame"]
[WhiteTeamCountry "GER"]
[BlackTeamCountry "GER"]

1. e4 c5 2. Nf3 e6 3. d4 cxd4 4. Nxd4 Nf6 5. Nc3 d6 6. g4 h6 7. h4 Nc6 8. Rg1 h5 9. gxh5 Nxh5 10. Bg5 Nf6 11. Qd2 a6 12. 0-0-0 Bd7 13. f4 Qb6 14. Be2 Nxd4 15. Qxd4 Qxd4 16. Rxd4 Nh7 17. h5 Nxg5 18. fxg5 d5 19. Rgd1 Bc5 20. R4d3 d4 21. Bf3 Bc6 22. Nb1 e5 23. Rh1 Bd7 24. Rdd1 Be6 25. b3 Rc8 26. Kb2 Ke7 27. Nd2 Bb4 28. Be2 Bc3+ 29. Kb1 Bxd2 30. Rxd2 Rc3 31. Bd3 Rcc8 32. Rg2 Rcg8 33. Kb2 f5 34. exf5 Bd5 35. f6+ gxf6 36. gxf6+ Kxf6 37. Rf1+ Ke7 38. Rxg8 Rxg8 39. Bg6 e4 40. Rd1 e3 41. c3 dxc3+ 42. Kxc3 e2 43. Re1 Bf3 44. Bd3 Bxh5 45. Bxe2 Bxe2 46. Rxe2+ Kd6 1/2-1/2

[Event "Oberliga Nord O 1819"]
[Site "Germany"]
[Date "2018.12.16"]
[Round "4.4"]
[White "Sawlin, Michail"]
[Black "Abraham, Ingo"]
[Result "1/2-1/2"]
[WhiteElo "2188"]
[BlackElo "2216"]
[PlyCount "96"]
[EventDate "2018.10.21"]
[EventType "team-tourn"]
[EventRounds "9"]
[EventCountry "GER"]
[SourceTitle "EXT 2020"]
[Source "ChessBase"]
[SourceDate "2019.10.17"]
[SourceVersion "1"]
[SourceVersionDate "2019.10.17"]
[SourceQuality "1"]
[WhiteTeam "Berlin Makkabi"]
[BlackTeam "Berlin Weisse Dame"]
[WhiteTeamCountry "GER"]
[BlackTeamCountry "GER"]

1. e4 c5 2. Nf3 d6 3. d4 cxd4 4. Nxd4 Nf6 5. Nc3 Nc6 6. Be2 e5 7. Nb3 Be7 8. Be3 0-0 9. f3 Be6 10. Nd5 Bxd5 11. exd5 Nb4 12. c4 a5 13. Bd2 b6 14. Bxb4 axb4 15. Qd2 Ra4 16. 0-0 Nd7 17. Bd1 Bg5 18. Qe1 b5 19. Nd2 Qb6+ 20. Kh1 Bxd2 21. Qxd2 Ra5 22. Qxb4 bxc4 23. Qxc4 Qxb2 24. Bb3 Nc5 25. Rab1 Qa3 26. f4 e4 27. f5 f6 28. g4 Rb8 29. Rfe1 Qb4 30. Qxb4 Rxb4 31. Bc2 Rxb1 32. Bxb1 Kf7 33. Kg2 Ra4 34. Rd1 Ke7 35. Kf2 Kd7 36. Rd2 Ra3 37. Re2 Rf3+ 38. Kg2 Ra3 39. h4 h6 40. g5 hxg5 41. hxg5 fxg5 42. Bxe4 Nxe4 43. Rxe4 Rxa2+ 44. Kg3 Rd2 45. Kg4 Rxd5 46. Kxg5 Rd1 47. Rg4 Ke7 48. Kg6 Kf8 1/2-1/2

[Event "Oberliga Nord O 1819"]
[Site "Germany"]
[Date "2018.11.25"]
[Round "3.5"]
[White "Niehaus, Frank"]
[Black "Abraham, Ingo"]
[Result "0-1"]
[WhiteElo "2195"]
[BlackElo "2216"]
[PlyCount "92"]
[EventDate "2018.10.21"]
[EventType "team-tourn"]
[EventRounds "9"]
[EventCountry "GER"]
[SourceTitle "EXT 2020"]
[Source "ChessBase"]
[SourceDate "2019.10.17"]
[SourceVersion "1"]
[SourceVersionDate "2019.10.17"]
[SourceQuality "1"]
[WhiteTeam "Koenig Tegel II"]
[BlackTeam "Berlin Weisse Dame"]
[WhiteTeamCountry "GER"]
[BlackTeamCountry "GER"]

1. e4 c5 2. Nf3 e6 3. d4 cxd4 4. Nxd4 Nc6 5. Nc3 a6 6. Be3 Qc7 7. Bd3 b5 8. 0-0 Bb7 9. Qe2 Nf6 10. a3 Ne5 11. h3 Be7 12. f4 Nc4 13. Ndxb5 axb5 14. Nxb5 Qb8 15. Bxc4 Nxe4 16. Rfd1 d5 17. Bd3 Nc5 18. Nd4 0-0 19. Nf3 Rc8 20. Ne5 g6 21. Kh1 Qc7 22. Qg4 Bf8 23. Nf3 Bg7 24. Bd4 Bxd4 25. Nxd4 Ba6 26. f5 Bxd3 27. cxd3 h5 28. Qf3 Qe5 29. fxg6 fxg6 30. Ne2 Rf8 31. Qg3 Qxg3 32. Nxg3 Nb3 33. Rf1 Nxa1 34. Rxa1 Rf2 35. Rb1 Rd2 36. Kg1 Rxd3 37. Ne2 Rf8 38. Nc3 Rd2 39. b4 Rff2 40. b5 Rxg2+ 41. Kh1 Rh2+ 42. Kg1 Rdg2+ 43. Kf1 Rb2 44. Rxb2 Rxb2 45. a4 d4 46. Ne4 Kf8 0-1

[Event "Oberliga Nord O 1516"]
[Site "Germany"]
[Date "2015.11.15"]
[Round "3.7"]
[White "Abraham, Ingo"]
[Black "Emig, Edgar"]
[Result "0-1"]
[WhiteElo "2181"]
[BlackElo "2139"]
[PlyCount "120"]
[EventDate "2015.09.20"]
[EventType "team-tourn"]
[EventRounds "9"]
[EventCountry "GER"]
[SourceTitle "CBM 170 Extra"]
[Source "ChessBase"]
[SourceDate "2016.02.25"]
[SourceVersion "1"]
[SourceVersionDate "2016.02.25"]
[SourceQuality "1"]
[WhiteTeam "Weisse Dame"]
[BlackTeam "Makkabi Berlin"]
[WhiteTeamCountry "GER"]
[BlackTeamCountry "GER"]

1. d4 Nf6 2. c4 e6 3. Nc3 d5 4. Bg5 Nbd7 5. e3 c6 6. cxd5 exd5 7. Bd3 Be7 8. Qc2 0-0 9. Nge2 Re8 10. 0-0 h6 11. Bh4 Nh5 12. Bxe7 Qxe7 13. Rab1 Ndf6 14. b4 Qd6 15. h3 g5 16. b5 g4 17. hxg4 Nxg4 18. g3 Qf6 19. bxc6 bxc6 20. Kg2 Qg5 21. e4 f5 22. exf5 Ng7 23. Qc1 Nxf5 24. Qxg5+ hxg5 25. Rfc1 Rf8 26. Na4 Rf6 27. Nc5 Nd6 28. Rf1 Bf5 29. Bxf5 Rxf5 30. Ng1 Raf8 31. Nh3 Nc4 32. Ne6 Nge3+ 33. Kg1 Nxf1 34. Rxf1 Nd2 35. Nxf8 Nxf1 36. Ne6 g4 37. Kxf1 gxh3 38. f4 Rh5 39. Kg1 h2+ 40. Kh1 Rh3 41. g4 Rh4 42. g5 Kf7 43. f5 Rh8 44. Nf4 Rg8 45. Ng6 Rxg6 46. fxg6+ Kxg6 47. Kxh2 Kxg5 48. Kg3 Kf5 49. Kf3 a5 50. a4 Ke6 51. Ke3 Kd6 52. Kd2 c5 53. dxc5+ Kxc5 54. Kc3 d4+ 55. Kd3 Kd5 56. Kc2 Kc4 57. Kd2 Kb4 58. Kd3 Kxa4 59. Kxd4 Kb5 60. Kd3 a4 0-1

[Event "Oberliga Nord O 1415"]
[Site "Germany"]
[Date "2015.02.22"]
[Round "7.6"]
[White "Abraham, Ingo"]
[Black "Postler, Reinhard"]
[Result "1/2-1/2"]
[WhiteElo "2189"]
[BlackElo "2222"]
[PlyCount "51"]
[EventDate "2014.09.21"]
[EventType "team-tourn"]
[EventRounds "9"]
[EventCountry "GER"]
[SourceTitle "EXT 2016"]
[Source "ChessBase"]
[SourceDate "2015.10.08"]
[SourceVersion "1"]
[SourceVersionDate "2015.10.08"]
[SourceQuality "1"]
[WhiteTeam "Weisse Dame"]
[BlackTeam "Berlin Oberschoeneweide"]
[WhiteTeamCountry "GER"]
[BlackTeamCountry "GER"]

1. c4 c6 2. Nf3 d5 3. d4 Nf6 4. Nc3 e6 5. e3 Nbd7 6. Qc2 Bd6 7. b3 0-0 8. Be2 b6 9. 0-0 Bb7 10. Bb2 Rc8 11. e4 dxe4 12. Nxe4 Nxe4 13. Qxe4 Nf6 14. Qh4 c5 15. dxc5 Bxc5 16. Rad1 Qe7 17. Bxf6 gxf6 18. Ne5 fxe5 19. Qxe7 Bxe7 20. Rd7 Bc5 21. Rxb7 a5 22. Rd1 Rfd8 23. Rdd7 Rxd7 24. Rxd7 Re8 25. Bh5 Re7 26. Rxe7 1/2-1/2

[Event "Oberliga Nord O 1415"]
[Site "Germany"]
[Date "2015.02.01"]
[Round "6.6"]
[White "Guth, Thomas"]
[Black "Abraham, Ingo"]
[Result "1/2-1/2"]
[WhiteElo "2297"]
[BlackElo "2189"]
[PlyCount "101"]
[EventDate "2014.09.21"]
[EventType "team-tourn"]
[EventRounds "9"]
[EventCountry "GER"]
[SourceTitle "EXT 2016"]
[Source "ChessBase"]
[SourceDate "2015.10.08"]
[SourceVersion "1"]
[SourceVersionDate "2015.10.08"]
[SourceQuality "1"]
[WhiteTeam "Berlin Rotation"]
[BlackTeam "Weisse Dame"]
[WhiteTeamCountry "GER"]
[BlackTeamCountry "GER"]

1. e4 c5 2. Nf3 e6 3. c4 Nc6 4. Nc3 Nf6 5. h3 d5 6. e5 Nd7 7. cxd5 exd5 8. Bb5 a6 9. Bxc6 bxc6 10. 0-0 Be7 11. d4 0-0 12. Re1 Re8 13. Bf4 Nf8 14. Rc1 Ne6 15. Bg3 cxd4 16. Nxd4 Nxd4 17. Qxd4 Be6 18. Na4 Qa5 19. a3 Rab8 20. Re2 Qb5 21. Rd2 c5 22. Nxc5 Rec8 23. b4 a5 24. Rcc2 axb4 25. axb4 Qxb4 26. Qxb4 Rxb4 27. Nxe6 Rxc2 28. Rxc2 Rb1+ 29. Kh2 fxe6 30. Bf4 Rb6 31. Be3 Ra6 32. Rc7 Kf8 33. g4 Ra4 34. Bc1 Rc4 35. Rxc4 dxc4 36. Kg3 Ke8 37. Kf3 Kd7 38. Ke4 Kc6 39. f4 g6 40. Kd4 Kb5 41. f5 gxf5 42. gxf5 exf5 43. Kd5 Bb4 44. e6 c3 45. Ke5 Be7 46. Kxf5 Kc4 47. Ke5 c2 48. Ke4 Kc5 49. Bf4 Kc4 50. Bc1 Kc5 51. Bf4 1/2-1/2

[Event "Hamburg St Pauli op-A"]
[Site "Hamburg"]
[Date "2014.07.24"]
[Round "6"]
[White "Abraham, Ingo"]
[Black "Kievelitz, Bernd"]
[Result "1-0"]
[WhiteElo "2235"]
[BlackElo "2035"]
[PlyCount "45"]
[EventDate "2014.07.19"]
[EventType "swiss"]
[EventRounds "9"]
[EventCountry "GER"]
[SourceTitle "CBM 161 Extra"]
[Source "ChessBase"]
[SourceDate "2014.08.29"]
[SourceVersion "1"]
[SourceVersionDate "2014.08.29"]
[SourceQuality "1"]

1. c4 e6 2. Nf3 Nf6 3. Nc3 c5 4. g3 b6 5. Bg2 Bb7 6. 0-0 Be7 7. Re1 0-0 8. e4 d6 9. d4 cxd4 10. Nxd4 Ne8 11. b3 a6 12. Bb2 Qc7 13. Qe2 Nd7 14. Rad1 Rc8 15. f4 g6 16. Kh1 Ng7 17. Rd2 Rfe8 18. Red1 Bf8 19. e5 Bxg2+ 20. Qxg2 Nc5 21. exd6 Qd7 22. Nf3 Red8 23. b4 1-0

[Event "Oberliga Nord O 0910"]
[Site "Germany"]
[Date "2010.04.11"]
[Round "9.4"]
[White "Abraham, Ingo"]
[Black "Pluemer, Detlef"]
[Result "1/2-1/2"]
[WhiteElo "2235"]
[BlackElo "2174"]
[PlyCount "67"]
[EventDate "2009.10.18"]
[EventType "team-tourn"]
[EventRounds "9"]
[EventCountry "GER"]
[SourceTitle "EXT 2011"]
[Source "ChessBase"]
[SourceDate "2010.11.26"]
[SourceVersion "1"]
[SourceVersionDate "2010.11.26"]
[SourceQuality "1"]
[WhiteTeam "Weisse Dame"]
[BlackTeam "Greifswald"]
[WhiteTeamCountry "GER"]
[BlackTeamCountry "GER"]

1. c4 c6 2. Nf3 d5 3. d4 Nf6 4. Nc3 Qb6 5. e3 Bg4 6. h3 Bxf3 7. Qxf3 e6 8. Bd3 Nbd7 9. 0-0 dxc4 10. Bxc4 Bd6 11. b3 0-0 12. Bb2 e5 13. d5 Rac8 14. Rac1 Qa5 15. Rfd1 Ba3 16. Qe2 Nb6 17. Bxa3 Qxa3 18. dxc6 Rxc6 19. Nb5 Qa5 20. Nd6 Nxc4 21. Rxc4 Qa6 22. Nf5 Rxc4 23. bxc4 Qe6 24. e4 Ne8 25. Rd8 g6 26. Ne3 Nf6 27. Rxf8+ Kxf8 28. Nd5 Qd6 29. c5 Qc6 30. Nxf6 Qxf6 31. Qb2 Qf4 32. Qxb7 Qc1+ 33. Kh2 Qf4+ 34. Kg1 1/2-1/2

[Event "Oberliga Nord O 0910"]
[Site "Germany"]
[Date "2010.02.28"]
[Round "7.3"]
[White "Albrecht, Rainer"]
[Black "Abraham, Ingo"]
[Result "1/2-1/2"]
[WhiteElo "2137"]
[BlackElo "2235"]
[PlyCount "42"]
[EventDate "2009.10.18"]
[EventType "team-tourn"]
[EventRounds "9"]
[EventCountry "GER"]
[SourceTitle "EXT 2011"]
[Source "ChessBase"]
[SourceDate "2010.11.26"]
[SourceVersion "1"]
[SourceVersionDate "2010.11.26"]
[SourceQuality "1"]
[WhiteTeam "Kreuzberg"]
[BlackTeam "Weisse Dame"]
[WhiteTeamCountry "GER"]
[BlackTeamCountry "GER"]

1. d4 Nf6 2. c4 e6 3. Nc3 Bb4 4. Bd2 0-0 5. Nf3 d5 6. e3 b6 7. Bd3 Bb7 8. Qe2 c5 9. a3 Bxc3 10. Bxc3 dxc4 11. Bxc4 Ne4 12. dxc5 Nxc3 13. bxc3 bxc5 14. 0-0 Qf6 15. Bd3 Qxc3 16. Rfc1 Qf6 17. Rab1 Bxf3 18. Qxf3 Qxf3 19. gxf3 Nd7 20. Bb5 Ne5 21. f4 Nf3+ 1/2-1/2

[Event "Oberliga Nord O 0910"]
[Site "Germany"]
[Date "2009.12.16"]
[Round "4.4"]
[White "Horn, Sven"]
[Black "Abraham, Ingo"]
[Result "1-0"]
[WhiteElo "2134"]
[BlackElo "2235"]
[PlyCount "103"]
[EventDate "2009.10.18"]
[EventType "team-tourn"]
[EventRounds "9"]
[EventCountry "GER"]
[SourceTitle "EXT 2011"]
[Source "ChessBase"]
[SourceDate "2010.11.26"]
[SourceVersion "1"]
[SourceVersionDate "2010.11.26"]
[SourceQuality "1"]
[WhiteTeam "Oberschoeneweide"]
[BlackTeam "Weisse Dame"]
[WhiteTeamCountry "GER"]
[BlackTeamCountry "GER"]

1. e4 c5 2. Nf3 e6 3. d4 cxd4 4. Nxd4 Nf6 5. Nc3 d6 6. g4 h6 7. h3 Nc6 8. Bg2 Bd7 9. Be3 a6 10. Qe2 Qc7 11. Nxc6 Bxc6 12. a4 b6 13. 0-0 Qb7 14. Bf4 Be7 15. Bg3 0-0 16. f4 Nd7 17. Rad1 b5 18. Nd5 Bd8 19. f5 Bxd5 20. exd5 e5 21. axb5 Qxb5 22. c4 Qb4 23. Be1 Qc5+ 24. Bf2 Qb4 25. Be1 Qc5+ 26. Kh1 a5 27. h4 Rc8 28. Rc1 a4 29. Be4 Nf6 30. Bg2 Qd4 31. g5 hxg5 32. hxg5 Nh7 33. g6 fxg6 34. fxg6 Rxf1+ 35. Qxf1 Ng5 36. Qf5 Ra8 37. Bf2 Qd2 38. Rf1 Qf4 39. Qxf4 exf4 40. Bd4 f3 41. Bxf3 Bf6 42. Bxf6 gxf6 43. Bg4 Kg7 44. Bf5 Rb8 45. Rf2 Rb4 46. Re2 Rxc4 47. Re7+ Kf8 48. Rd7 Rb4 49. g7+ Kg8 50. Be6+ Nxe6 51. dxe6 Re4 52. e7 1-0

[Event "Oberliga Nord O 0910"]
[Site "Germany"]
[Date "2009.11.15"]
[Round "2.4"]
[White "Abraham, Ingo"]
[Black "Bulthaupt, Freerk"]
[Result "1/2-1/2"]
[WhiteElo "2235"]
[BlackElo "2171"]
[PlyCount "43"]
[EventDate "2009.10.18"]
[EventType "team-tourn"]
[EventRounds "9"]
[EventCountry "GER"]
[SourceTitle "EXT 2011"]
[Source "ChessBase"]
[SourceDate "2010.11.26"]
[SourceVersion "1"]
[SourceVersionDate "2010.11.26"]
[SourceQuality "1"]
[WhiteTeam "Weisse Dame"]
[BlackTeam "Zehlendorf"]
[WhiteTeamCountry "GER"]
[BlackTeamCountry "GER"]

1. Nf3 d6 2. d4 Bg4 3. e4 e6 4. c4 Nd7 5. Nc3 Be7 6. Be2 e5 7. 0-0 Ngf6 8. Be3 0-0 9. d5 c6 10. Nd2 Bxe2 11. Qxe2 Ne8 12. b4 Bg5 13. c5 Bxe3 14. Qxe3 cxd5 15. Nxd5 Ndf6 16. Rfd1 Nxd5 17. exd5 dxc5 18. bxc5 Qxd5 19. Nf3 Qe6 20. Qxe5 Qxe5 21. Nxe5 Nf6 22. Nd7 1/2-1/2

[Event "Bayern-chI Bank Hofmann 13th"]
[Site "Bad Wiessee"]
[Date "2009.11.07"]
[Round "9"]
[White "Abraham, Ingo"]
[Black "Schaefer, Michael"]
[Result "0-1"]
[WhiteElo "2235"]
[BlackElo "2157"]
[PlyCount "72"]
[EventDate "2009.10.31"]
[EventType "swiss"]
[EventRounds "9"]
[EventCountry "GER"]
[SourceTitle "EXT 2010"]
[Source "ChessBase"]
[SourceDate "2010.11.25"]
[SourceVersion "1"]
[SourceVersionDate "2010.11.25"]
[SourceQuality "1"]

1. Nf3 Nf6 2. c4 e6 3. Nc3 d5 4. d4 Be7 5. Bg5 h6 6. Bh4 0-0 7. e3 Ne4 8. Bxe7 Qxe7 9. Qc2 Nxc3 10. Qxc3 dxc4 11. Bxc4 c5 12. Qa3 Nd7 13. Bb5 b6 14. Bc6 Rb8 15. Qxa7 cxd4 16. 0-0 Qd6 17. Nxd4 Ne5 18. Rac1 Rd8 19. Rc3 Bd7 20. Bxd7 Rxd7 21. Qa6 Ng4 22. Nf3 Nf6 23. Rfc1 Ne4 24. Rc8+ Rxc8 25. Qxc8+ Rd8 26. Qc2 Qd5 27. h3 Nc5 28. a3 e5 29. b4 Nd3 30. Rd1 e4 31. Nd4 Kh7 32. f3 f5 33. Nxf5 Qxf5 34. Qc7 Rf8 35. fxe4 Qf2+ 36. Kh1 Qe2 0-1

[Event "Bayern-chI Bank Hofmann 13th"]
[Site "Bad Wiessee"]
[Date "2009.11.05"]
[Round "7"]
[White "Abraham, Ingo"]
[Black "Lang, Ferdinand"]
[Result "1-0"]
[WhiteElo "2235"]
[BlackElo "2156"]
[PlyCount "53"]
[EventDate "2009.10.31"]
[EventType "swiss"]
[EventRounds "9"]
[EventCountry "GER"]
[SourceTitle "EXT 2010"]
[Source "ChessBase"]
[SourceDate "2010.11.25"]
[SourceVersion "1"]
[SourceVersionDate "2010.11.25"]
[SourceQuality "1"]

1. Nf3 Nf6 2. c4 g6 3. Nc3 Bg7 4. e4 d6 5. d4 0-0 6. Bg5 c5 7. d5 h6 8. Bf4 Re8 9. Be2 Nbd7 10. 0-0 Nf8 11. h3 a6 12. Re1 Qc7 13. Bf1 Bd7 14. e5 N6h7 15. Qd2 g5 16. Bg3 Bf5 17. Bd3 Bxd3 18. Qxd3 dxe5 19. Nxe5 Qb6 20. Re2 Rad8 21. Rae1 e6 22. Qf3 f5 23. dxe6 f4 24. e7 Rxe7 25. Nd5 Rxd5 26. Qxd5+ Qe6 27. Ng6 1-0

[Event "Graz op"]
[Site "Graz"]
[Date "2007.09.02"]
[Round "2"]
[White "Abraham, Ingo"]
[Black "Drnovsek, Nejc"]
[Result "1/2-1/2"]
[WhiteElo "2227"]
[BlackElo "2046"]
[PlyCount "142"]
[EventDate "2007.09.01"]
[EventType "swiss"]
[EventRounds "9"]
[EventCountry "AUT"]
[SourceTitle "EXT 2009"]
[Source "ChessBase"]
[SourceDate "2008.11.26"]
[SourceVersion "1"]
[SourceVersionDate "2008.11.26"]
[SourceQuality "1"]

1. c4 c6 2. Nf3 Nf6 3. d4 d5 4. Nc3 dxc4 5. a4 Bf5 6. e3 e6 7. Bxc4 Bb4 8. 0-0 0-0 9. Nh4 Nbd7 10. Nxf5 exf5 11. Qc2 g6 12. Rd1 Qa5 13. Na2 Bd6 14. Bd2 Qc7 15. h3 c5 16. Nc3 a6 17. Nd5 Nxd5 18. Bxd5 Rac8 19. a5 cxd4 20. Qxc7 Rxc7 21. exd4 Nf6 22. Bf3 Ne4 23. Bc3 Rb8 24. Rd3 Re7 25. Re3 Ng5 26. Rae1 Nxf3+ 27. Rxf3 Rbe8 28. Kf1 Re4 29. Rd3 Kf8 30. f3 Rxe1+ 31. Bxe1 Re7 32. Rb3 Rc7 33. Bb4 Bxb4 34. Rxb4 Re7 35. Rc4 Ke8 36. Rc2 Kd8 37. Rc4 Kd7 38. Kf2 Kd6 39. Rb4 Kd5 40. Kg3 Kc6 41. Kf4 h6 42. h4 Kc7 43. h5 Re2 44. g3 Rd2 45. g4 fxg4 46. fxg4 gxh5 47. gxh5 Rh2 48. Kg4 Rg2+ 49. Kh4 Rg5 50. Rb6 Rxa5 51. Rxh6 Rd5 52. Rf6 Rxd4+ 53. Kg5 Rd2 54. Rxf7+ Kb6 55. b4 Rg2+ 56. Kh4 Rh2+ 57. Kg4 Rh1 58. Rf5 Rb1 59. Rf4 Rg1+ 60. Kf5 a5 61. bxa5+ Kxa5 62. Rh4 b5 63. h6 Rg8 64. h7 Rh8 65. Kg6 b4 66. Kg7 Rxh7+ 67. Rxh7 b3 68. Kf6 Kb4 69. Ke5 b2 70. Kd4 Kb3 71. Rh3+ Ka2 1/2-1/2